Active asset management (Record no. 76216)

MARC details
000 -LEADER
fixed length control field 01750cab a2200169 4500
001 - CONTROL NUMBER
control field ##L131594
008 - FIXED-LENGTH DATA ELEMENTS--GENERAL INFORMATION
fixed length control field 051123n2005 000 0 eng u
035 ## - SYSTEM CONTROL NUMBER
System control number (Sirsi) u131642
041 0# - LANGUAGE CODE
Language code of text/sound track or separate title eng
100 1# - MAIN ENTRY--PERSONAL NAME
Personal name Jacobs, Nick
245 00 - TITLE STATEMENT
Title Active asset management
Remainder of title practicalities and realities. Does it really exist? Does it enhance returns? What does it do for risk profiles?
260 ## - PUBLICATION, DISTRIBUTION, ETC.
Date of publication, distribution, etc. 2005
490 #0 - SERIES STATEMENT
Series statement Journal of Retail and Leisure Property
Volume/sequential designation 4(4) 2005, 301-312(13)
520 ## - SUMMARY, ETC.
Summary, etc. Active asset management is a skill that managers of commercial property portfolios often claim they offer their clients - but are their claims to 'manage actively' accurate and trustworthy? This paper sets out, comprehensively, the field of operation any genuine active asset manager should cover - from value-adding management of landlord-tenant relationships to the analysis of latent values, debt and gearing management and liaison with local town planners. The correct organisation and systems that drive property investment cashflows to add investor value are also set out. Backed by up-to-date financial data the paper also provides an overview that includes both micro and macro perspectives: the UK's current economic status is viewed in tandem with retail property performance plus expert predictions. The reader is informed how active asset management lowers investment risk at a time when bank lending to commercial property is said by some commentators to be disproportionately high. Property is an illiquid and complex investment medium; the paper attempts to show a way forward when retail and leisure property are threatened by a downturn in consumer spending.
690 ## - LOCAL SUBJECT ADDED ENTRY--TOPICAL TERM (OCLC, RLIN)
Topical term or geographic name as entry element PROPERTY-COMMERCIAL PROPERTY-COMMERCIAL PROPERTY MANAGEMENT
942 ## - ADDED ENTRY ELEMENTS (KOHA)
Suppress in OPAC 0
Holdings
Withdrawn status Lost status Source of classification or shelving scheme Damaged status Not for loan Home library Current library Shelving location Date acquired Total Checkouts Full call number Barcode Date last seen Copy number Price effective from Koha item type
    Dewey Decimal Classification     London London Journal article 23/11/2005   L131594 131594 06/08/2019 1 06/08/2019 Journal article